00471nam a22001577a 450000500170000001000140001702000260003103500130005703700130007008200080008324500770009126000400016827000610020830000230026970000210029220100726115014.0 aENG-96921 a9788189937867c600.00 aEN-80454 bDBAD/PUB a920 aBaba Amte :bcharity destroys, work builds /cedited by Shaikh A. Iqbal  aNew Delhi bArise Publishers c2008 a4648/1, 21, Ansari Road, Darya Ganj bNew Delhi e110002 a240 p. c24cm (Hb) aIqbal, Shaikh A.